00465nam a22001577a 450000500170000000800410001704000210005804100080007908200190008710000280010624500510013425000120018526000400019730000100023765000600024720230406134347.0230406b ||||| |||| 00| 0 eng d aIN-DiNCcIN-DiNC dasm a345.02524bGOD aGodse, Nathurameauthor aGandhik kiyo hatya karilu?/cby Nathuram Godse a5th ed. aGuwahati:bAssam book trust,c2016. a160p. aMay it please your honour : statement of Nathuram Godse